|
|
|
|
| LEADER |
01024nam a2200277 a 4500 |
| 001 |
GR-MES5271 |
| 008 |
991111s1993 nyu 000 b eng d |
| 020 |
|
|
|a 0070431787
|
| 040 |
|
|
|a GrPaTEI
|b gre
|c GR-PaULI
|
| 245 |
0 |
0 |
|a Re-engineering your business.
|
| 260 |
|
|
|a New York :
|b McGraw-Hill,
|c 1993
|
| 300 |
|
|
|a vii,247p
|
| 500 |
|
|
|a Περιλαμβάνει ευρετήριο.
|
| 650 |
|
4 |
|a ΕΜΠΟΡΙΚΕΣ ΣΥΝΑΛΛΑΓΕΣ
|
| 650 |
|
4 |
|a Επιχειρήσεις
|
| 650 |
|
4 |
|a ΕΡΓΑΣΙΑ
|
| 650 |
|
4 |
|a Μάνατζμεντ
|
| 650 |
|
4 |
|a ΜΕΤΑΡΡΥΘΜΙΣΤΙΚΟ ΜΑΝΑΤΖΜΕΝΤ
|
| 650 |
|
4 |
|a ΟΡΓΑΝΩΤΙΚΕΣ ΘΕΩΡΙΕΣ
|
| 700 |
1 |
|
|a Brandon, Joel
|
| 700 |
1 |
|
|a Morris, D.
|
| 710 |
0 |
|
|a McGraw-Hill
|
| 942 |
|
|
|2 ddc
|
| 952 |
|
|
|0 0
|1 0
|2 ddc
|4 0
|6 658_406000000000000_3_MOR
|7 0
|9 275837
|a MSLG
|b MSLG
|c BSC
|d 2021-01-17
|e 24
|f 0
|g 0.00
|l 0
|o 658.406 3 MOR
|p 2420000014783
|r 2021-01-17 00:00:00
|t 1
|w 2021-01-17
|y BK15
|x 19991111 0 1
|x GrPaTEI
|
| 971 |
|
|
|a .b25837382
|b 15-04-20
|c 14-09-16
|
| 999 |
|
|
|c 159891
|d 159891
|